Faculty of Law Library — Cairo University

Official Online Catalog

Douzieme Congrés Pénal Et Penitentiaire Internationale : (Record no. 74322)

MARC details
000 -LEADER
fixed length control field 01228nam a2200301 i 4500
003 - CONTROL NUMBER IDENTIFIER
control field EG-GICUC
005 - DATE AND TIME OF LATEST TRANSACTION
control field 20260429193128.0
008 - FIXED-LENGTH DATA ELEMENTS--GENERAL INFORMATION
fixed length control field 260429s1951 ||| |||fr|||| 00| 0 fre d
040 ## - CATALOGING SOURCE
Original cataloging agency EG-GICUC
Language of cataloging fre
Transcribing agency EG-GICUC
Modifying agency EG-GICUC
Description conventions rda
041 ## - LANGUAGE CODE
Language code of text/sound track or separate title Fre
082 04 - DEWEY DECIMAL CLASSIFICATION NUMBER
Edition number 21
Classification number 343.6
Item number CO . D
092 04 - LOCALLY ASSIGNED DEWEY CALL NUMBER (OCLC)
Edition number 21
099 ## - LOCAL FREE-TEXT CALL NUMBER (OCLC)
Classification number Law1 10 343.6 CO . D 1951
111 1# - MAIN ENTRY--MEETING NAME
Meeting name or jurisdiction name as entry element Congrés Pénal Et Penitentiaire International :
Location of meeting Berne /
Date of meeting or treaty signing La Haye 14-19 Août 1950.
Number of part/section/meeting Twelfth
245 ## - TITLE STATEMENT
Title Douzieme Congrés Pénal Et Penitentiaire Internationale :
Remainder of title International Penal and Penitentiary Congress.
Number of part/section of a work Volume Iii,
Name of part/section of a work General and National Reports of Section I /
Statement of responsibility, etc. Congrés Pénal Et Penitentiaire International.
264 #1 - PRODUCTION, PUBLICATION, DISTRIBUTION, MANUFACTURE, AND COPYRIGHT NOTICE
Place of production, publication, distribution, manufacture Berne :
Name of producer, publisher, distributor, manufacturer Commission Internationale Pénale Et Penitentiaire International Penal and Penitentiary Commission,
Date of production, publication, distribution, manufacture, or copyright notice 1951.
300 ## - PHYSICAL DESCRIPTION
Extent 455 pages;
Dimensions 24 cm.
336 ## - CONTENT TYPE
Source rda content
Content type term text
337 ## - MEDIA TYPE
Source rda media
Media type term Computer
338 ## - CARRIER TYPE
Source rda carrier
Carrier type term Online Resource
546 ## - LANGUAGE NOTE
Language note النص باللغة الفرنسية
650 1# - SUBJECT ADDED ENTRY--TOPICAL TERM
Topical term or geographic name entry element Criminologie
Source of heading or term qrmak
650 1# - SUBJECT ADDED ENTRY--TOPICAL TERM
Topical term or geographic name entry element Droit De Pénal
Source of heading or term qrmak
651 1# - SUBJECT ADDED ENTRY--GEOGRAPHIC NAME
Source of heading or term qrmak
856 40 - ELECTRONIC LOCATION AND ACCESS
Uniform Resource Identifier <a href="https://fll.law.cu.edu.eg/fulltext/conf/B10-10767.pdf">https://fll.law.cu.edu.eg/fulltext/conf/B10-10767.pdf</a>
905 ## - Cataloger and Reviser Names
Cataloger Name: Yasmin Sayed
942 ## - ADDED ENTRY ELEMENTS (KOHA)
Source of classification or shelving scheme Dewey Decimal Classification
Koha item type Books
Edition 21
Suppress in OPAC No
Holdings
Withdrawn status Lost status Source of classification or shelving scheme Damaged status Not for loan Collection Home library Current library Date acquired Total checkouts Full call number Barcode Date last seen Copy number Price effective from Koha item type
    Dewey Decimal Classification   Not for loan القانون الجنائي جــــامعة القــاهرة مكتبة كلية الحقوق - المبنى الرئيسي 29.04.2026   Law1 10 343.6 CO . D 1951 1010767 V3, C1 B10-10767 29.04.2026 1 29.04.2026 Books

© All rights reserved — Faculty of Law, Cairo University